000 01293nam a2200205Ia 4500
001 b5836-39766
003 IT-MiCISF
008 161014s9999||||xx |||||||||||||| ||und||
040 _aIT-MiCISF
_cIT-MiCISF
041 _ait
100 _aNovara Daniele (a cura di)
245 0 _aLa scuola dei genitori
_bCome aiutare i figli a diventare grandi
250 _a1a ed.
260 _a Piacenza
_bEditrice Berti
_c2004
300 _app. 130
500 _aNovara D., Seveso G., Mantegazza R., Magistrali G., Baroni W., Plessi P., Barone P., Oliverio Ferraris A. / genitorialità, cambiamenti-famiglia, educazione-genitori, educazione-sessuale, distacco / Ai nuovi genitori spettano compiti difficili e apparentemente contraddittori: sintonizzarsi con i loro figli senza diventare infantili; rimuovere vecchie pratiche educative senza per questo rinunciare alla propria storia e alle proprie radici; liberare i figli dai disagi e dalle costrizioni senza volerli a tutti i costi preservare dalla naturale sofferenza che la vita e la crescita comportano. Il libro aiuta i genitori a essere efficaci, sostenendoli nella consapevolezza dell'importanza di questo ruolo educativo.
650 _a Genitorialità e problemi educativi / genitorlialità
_e004
942 _cBK
957 _71
999 _a39766
_bsi
_g1
_c211266
_d211266